| 000 | 00589cam a22002411 4500 | ||
|---|---|---|---|
| 001 | sa 64001866 | ||
| 003 | DLC | ||
| 005 | 20260227112005.0 | ||
| 008 | 891228m19629999ii 000 0 pano | ||
| 010 | _asa 64001866 | ||
| 035 | _a(OCoLC)20832252 | ||
| 040 |
_aDLC _cWaU _dDLC |
||
| 042 | _apremarc | ||
| 050 | 0 | 0 |
_aPK2659.S586 _bD5 |
| 100 | 1 |
_aSingh, Sohan, _cof Ghukewal. |
|
| 245 | 1 | 0 | _aḌhāḍī kiranāṃ. |
| 260 | _c[1962?- | ||
| 300 |
_av. _c19 cm. |
||
| 500 | _aIn Panjabi. | ||
| 500 | _aPoems. | ||
| 740 | 0 | _aḌhāḍī hañjhū. | |
| 740 | 0 | _aḌhḍ̄ī taraṅgā. | |
| 999 |
_c56986 _d56986 |
||